000
00292nam a22001337a 4500
008
181008b xxu||||| |||| 00| 0 eng d
020
_a
9780723416722
041
_a
eng
080
_2
2nd
_a
61
100
_a
6
101
_a
ANE
245
_a
Regional Anesthesia
_c
Hoerster,W
942
_2
udc
_c
BK
999
_c
48981
_d
48981